000 00966nam a2200313 a 4500
001 000114385
003 CHAP
005 20220329144439.0
008 180118s1986 sp a |r| ||||||spa d
010 _a110846
011 _a111818
020 _a843458400X
040 _cCHAP
082 0 4 _a591.51
_bW42
100 1 _aWeismann, Eberhard
_989166
245 1 4 _aLos rituales amorosos :
_bun aspecto fundamental en la comunicación de los animales /
_cpor Eberhard Weismann.
260 _aBarcelona :
_bSalvat,
_c1986.
300 _avi, 231 p. :
_bil.
534 _pTít. original :
_tParthersuche und Ehen im Tierreich
590 _aBATCH-UPD
_b05
_c20180118
_lUCH01
_h0918
590 _aE11695DGD
_b10
_c20180119
_lUCH01
_h1137
590 _aE5765TAJ
_b05
_c20180118
_lUCH01
_h0917
650 1 4 _aComunicación animal.
_926208
650 1 4 _aConducta animal.
_9134384
650 1 4 _aConducta sexual animal.
_9134385
901 _aBK
942 _cLIBRO
942 _n0
999 _c110846
_d110846